Yolo County, CA Communities - Statistics

General Stats
  • This quiz has been taken 12 times
    5 since last reset
  • The average score is 12 of 18
Answer Stats
Hint Answer % Correct
City Davis
100%
City West Sacramento
100%
City Woodland
100%
CDP Clarksburg
80%
CDP Dunnigan
80%
CDP Esparto
80%
CDP Knights Landing
80%
City Winters
80%
CDP Yolo
80%
Unincorporated Community Brooks
60%
CDP Capay
60%
CDP Guinda
60%
CDP Madison
60%
Unincorporated Community Rumsey
60%
Unincorporated Community Tancred
60%
CDP El Macero
40%
Unincorporated Community El Rio Villa
40%
CDP Monument Hills
20%
No matching quizzes found
Score Distribution
Percent of People with Each Score
Percentile by Number Answered
Your Score History
You have not taken this quiz since the last reset